Kardeş Alevler : Eleştiri - İnceleme (Record no. 3842)

000 -LEADER
fixed length control field 00587nam a22001937a 4500
008 - FIXED-LENGTH DATA ELEMENTS--GENERAL INFORMATION
fixed length control field 190823b ||||| |||| 00| 0 eng d
020 ## - INTERNATIONAL STANDARD BOOK NUMBER
International Standard Book Number 9789750816147
041 ## - LANGUAGE CODE
Language code of text/sound track or separate title Türkçe
050 ## - LIBRARY OF CONGRESS CALL NUMBER
Classification number PL248.E48
100 ## - MAIN ENTRY--PERSONAL NAME
9 (RLIN) 1614
Personal name Emre, Gültekin
245 ## - TITLE STATEMENT
Title Kardeş Alevler : Eleştiri - İnceleme
250 ## - EDITION STATEMENT
Edition statement 1.Baskı
260 ## - PUBLICATION, DISTRIBUTION, ETC.
Place of publication, distribution, etc. İstanbul:
Name of publisher, distributor, etc. Yapı Kredi Yayınları,
Date of publication, distribution, etc. Mayıs 2009
300 ## - PHYSICAL DESCRIPTION
Extent 311 Sayfa
500 ## - GENERAL NOTE
General note Yapı Kredi Yayınları ; 2905
Edebiyat ; 870
650 #0 - SUBJECT ADDED ENTRY--TOPICAL TERM
9 (RLIN) 145
Topical term or geographic name entry element Türk Edebiyatı
650 #0 - SUBJECT ADDED ENTRY--TOPICAL TERM
Topical term or geographic name entry element Araştırma-İnceleme
9 (RLIN) 1687
942 ## - ADDED ENTRY ELEMENTS (KOHA)
Source of classification or shelving scheme
Koha item type Books
Holdings
Withdrawn status Lost status Source of classification or shelving scheme Damaged status Not for loan Permanent Location Current Location Shelving location Date acquired Full call number Barcode Date last seen Price effective from Koha item type
        Ödünç verilemez İmren Ahmet Tüzün Kütüphanesi İmren Ahmet Tüzün Kütüphanesi Ahmet Tüzün 2019-08-23 PL248.E48 100100004013 2019-08-23 2019-08-23 Books

This software was implemented, installed and managed by Devinim Software Training Consulting .